000 00842nam a22002657a 4500
001 BR8903982
003 BR-BrBNA
005 20230928093259.0
007 ta
008 230509b bl.||||| |||| 00| 0 por d
040 _aBR-BrBNA
_bpor
_cBiblioteca Nacional de Agricultura
041 _a(Eng, Por)
072 _aT01
090 _ T01 BR8903982
110 1 _aSecretaria Especial do Meio Ambiente, Brasilia, DF (Brasil)
_99137
111 1 _a1. Encontro Nacional sobre a Protecao e Melhoria do Meio Ambiente
_cBrasilia, DF (Brazil)
_dJun 1975
245 1 _aAnais do 1. Encontro Nacional sobre a Protecao e Melhoria do Meio Ambiente
260 3 _aBrasilia, DF (Brasil):
_c1975.
300 _av. 1-2
650 _aMEIO AMBIENTE
650 _aAR
650 _aANALISE QUALITATIVA
909 _a202309
_bLucia
_c55
_dLucia Elande
942 _cBK
999 _c44057
_d44057